000 00412nam a22001577a 4500
005 20200601132218.0
008 200601b xxu||||| |||| 00| 0 eng d
041 _aeng
082 _a345.4 (AIR)
110 _aALL INDIA REPORTER
_95757
245 _aALL INDIA REPORTER 1986 (V-73) RAJASTHAN SECTION
260 _aBOMBAY
_bALL INDIA REPORTER LTD
_c1986
300 _a235;p
650 _aLAW
_95701
942 _cJRL
999 _c6776
_d6774